Mes allergies - Statistiques

Statistiques générales
  • Ce quiz a été pris 56 fois
  • Le résultat moyen est 20 sur 35
Statistiques - réponses
Nombre Question Réponse % Correct
2 Appelé fleur du soleil, aucune consommation de graines ni huile Tournesol
86%
8 Fruit d'un coté, contravention de l'autre dont on est tousallergique Amande / Amende
84%
5 L'ingrédient principal du Nutella Noisette
84%
11 Petits choses améliorant la vue quand on a pas les lunettes Lentille
80%
20 Petite sacoche qu'on porte au bassin Banane
78%
6 Je peux la consommer si c'est de la coco mais pas le reste Noix / Cajou / Pécan
78%
12 Cassé, petits ou gourmands, pas Chiche de trouver :) Pois
76%
3 Sauce accompagnant souvent les plats japonais Soja
73%
29 Avant j'étais allergique aux omelettes et à ce fruit rouge commun a Carpentras ou Plougastel Fraise / Œuf
71%
15 Présent dans le curry, les Dijonnais ne m'accueillent pas Moutarde
71%
27 Les oiseaux en ont Plumes
71%
24 Elle stagne sur les meubles Poussière
71%
1 La pistache est considérée comme tel Arachide
69%
23 Type de restauration dont je n'ai jamais mis les piedsque sont les McDo, BK, Kebab ainsi de suite Fast-Food
69%
25 Ces insectes vivent grâce à la réponse précédente Acariens
67%
9 Fruit de la question 8, préparé en galette des rois Frangipane
67%
35 Outre le 18 quels autres numéro de secours puis-je appeler ? 15 / 112 / 114
65%
33 Nom du spécialiste chez qui on peut consulter Allergologue
63%
7 Spécialité de la ville de Montélimar Nougat
61%
26 Ce petit animal en laisse partout quand il se balade Poils de chat
59%
21 Nom d'un oiseau, ou surnom d'un habitant néo-zélandais Kiwi
55%
16 Sauce que l'on peut faire avec le précédent Mayonnaise
55%
4 Fruit le plus connu en lien avec la réponse 1 Cacahuète
53%
19 Piments de différentes couleurs né en Amérique du Sud Poivron
51%
34 Technique pour essayer de se débarrasser de ses allergies EFT / Désensibilisation
43%
30 Nom de ce choc, qui peut avoir des conséquences graves Anaphylactique
37%
14 Les alsaciens m'ont bannis a cause de lui Chou
37%
13 Les fabophiles les collectionnes Fève
37%
28 Cette fleur me donne des plaques si je m'y approchel'autre pousse sur du platane Crocus / Pollen
31%
17 Famille regroupant les questions 2, 5, 6, 8 et d'autres Oléagineux
29%
32 En lien avec la question 30, Que contient la seringue d'Anapen Adrénaline
27%
22 La Mauresque, c'est le fait de mélanger du Pastis avec de l'..... Orgeat
24%
10 Le Saint-Genix en pâtisserie en contient Praline
24%
18 Famille regroupant les questions 1, 3, 11, 12, 13 Légumineuses
22%
31 Elles apparaissent quand le corps veut rejeter l'aliment Nausées
18%
Aucun quiz correspondant
Distribution des résultats
% des personnes avec chaque résultat
Percentile par nombre de réponses
Votre historique - résultats
Vous n’avez pas pris ce quiz